| 000 | 03585nam a2200433 a 4500 | ||
|---|---|---|---|
| 003 | CHAP | ||
| 005 | 20240830140345.0 | ||
| 007 | cr ||||||a|c|a | ||
| 008 | 101025s2010 mx r 00010 spa d | ||
| 035 | _a111206 | ||
| 040 | _cCHAP | ||
| 090 | _aTesis | ||
| 100 | 0 | 0 |
_aSolís Mendoza, Floriberto. _9108449 |
| 245 | 1 | 0 |
_aDetoxificación con Kombucha de calabacita (Curcurbita pepo L.) cultivada en sustrato contaminado con plomo _c/por Floriberto Solís Mendoza; director Jaime Sahagún Castellanos |
| 264 |
_aChapingo, Méx. : _bEl autor, _c2010. |
||
| 300 |
_a1 recurso en línea (79 páginas): _bCuadros, figuras |
||
| 336 |
_2rdacontent _atexto _btxt |
||
| 337 |
_2rdamedia _acomputadora _bc |
||
| 338 |
_2rdacarrier _arecursos en linea _bcr |
||
| 502 |
_bDCH _cFitotecnia _d2010 _gDOC |
||
| 520 | _aSe evaluaron cuatro niveles de plomo (Pb(NO3)2): 0 (suelo agrícola), 65 300 y 1000 mg·kg-1 del mismo suelo (experimento 1) y los mismos tres niveles de plomo en dosis única combinados con tres niveles de té de Kombucha (experimento 2; factorial 4x3): 0, 20 y 100 %, (65 mL semanales de la solución por maceta, adicionales al riego); para estudiar el efecto de la contaminación con plomo sobre el crecimiento y la productividad de calabacita cv “Termo” (híbrido experimental) y su acumulación en tejido; así como analizar la detoxificación del plomo en el cultivo, con té de Kombucha aplicado semanalmente a la raíz hasta la madurez. El experimento se estableció en bloques completos al azar con seis repeticiones. La unidad experimental fue una maceta de 5.67 litros llenada con suelo agrícola, con dos plantas. La mayor acumulación de biomasa en tallo y raíz se produjo con la dosis: Pb (NO3)2 300 mg.kg-1 de suelo, y en fruto con 65 mg.kg-1; en tanto que la cantidad de clorofila (unidades SPAD), biomasa de flor y total, no resultaron afectadas con ninguna de las concentraciones ensayadas. De las estructuras comestibles, la flor presentó mayor acumulación que el fruto, incluso a bajas dosis de plomo. Todas las concentraciones de plomo ensayadas redujeron significativamente la altura de planta y el tamaño de limbo. En contraste, con Pb(NO3)2 65 mg·kg-1 de suelo, el peso fresco y seco del fruto y de la semilla, así como el diámetro y longitud del fruto fueron mayores. La mayor acumulación de plomo (1000 mg·kg-1) se encontró en la pulpa del fruto. El té de Kombucha aplicado al suelo (20%), incrementó la altura de planta, pero siempre redujo el peso, el diámetro y la longitud del fruto, y el número y el peso fresco de semillas. Todas las concentraciones ensayadas de té redujeron significativamente (P≤0.05) la acumulación de plomo en pulpa de fruto y en semillas, con una detoxificación de 16.9 a 18.6 % para pulpa y de 38.3 a 40.4 % para semilla. | ||
| 590 |
_aALEPH _b10 _c20130110 |
||
| 590 |
_aBATCH-UPD _b10 _c20130110 |
||
| 590 |
_aBATCH-UPD _b10 _c20130410 |
||
| 590 |
_aBATCH-UPD _b10 _c20130914 |
||
| 590 |
_aBATCH-UPD _b10 _c20140324 |
||
| 590 |
_aBATCH-UPD _b10 _c20141002 |
||
| 590 |
_aCONVERSION _b10 _c20130109 |
||
| 650 | 0 | 4 |
_aCalabaza _xEnfermedades. _917269 |
| 650 | 0 | 4 |
_aCultivos _xContaminación. _930244 |
| 700 | 0 |
_aSahagún Castellanos, Jaime _9101191 _eDirector |
|
| 856 |
_uhttp://10.13.5.2/tesis/111206.pdf _zDESCARGAR PDF |
||
| 901 | _aBK | ||
| 942 |
_cTD _2Clasificación Universidad Autónoma Chapingo |
||
| 949 |
_bBC _cTES _d33724002219736 _eTS1 _gDonaciØn _h51281 _i111206 _sb |
||
| 949 |
_bBC _cTES _d33724002219777 _eTS2 _fc.2 _gDonaciØn _h51282 _i111206 _sb |
||
| 999 |
_c99548 _d99548 |
||